| 000 -LEADER |
| fixed length control field |
00410nam a22001217a 4500 |
| 008 - FIXED-LENGTH DATA ELEMENTS--GENERAL INFORMATION |
| fixed length control field |
200210b ||||| |||| 00| 0 eng d |
| 110 ## - MAIN ENTRY--CORPORATE NAME |
| 9 (RLIN) |
76 |
| Corporate name or jurisdiction name as entry element |
International Maritime Organization |
| 245 10 - TITLE STATEMENT |
| Title |
IMDG Code 2000 edition |
| 260 ## - PUBLICATION, DISTRIBUTION, ETC. (IMPRINT) |
| Place of publication, distribution, etc |
London |
| Name of publisher, distributor, etc |
International Maritime Organization |
| Date of publication, distribution, etc |
2000 |
| 300 ## - PHYSICAL DESCRIPTION |
| Extent |
2v.(iv,377p.;xii,411p.) |
| 650 #0 - SUBJECT ADDED ENTRY--TOPICAL TERM |
| Topical term or geographic name as entry element |
Navigation--Safety measures |
| 942 ## - ADDED ENTRY ELEMENTS (KOHA) |
| Item type |
Books |